Павел I; Деды; Мальтийские рыцари в России; Заговор

Detalles Bibliográficos
Idioma:ruso
Publicado: Москва, Армада, 1994
TOC:В. В. Крестовский, Деды;
Е. П. Карнович, Мальтийские рыцари в России;
М. А. Алданов, Заговор;
Series:Романовы. Династия в романах Т. 12
Subjects:
Formato: Libro
KOHA link:https://koha.lib.tpu.ru/cgi-bin/koha/opac-detail.pl?biblionumber=82117

MARC

LEADER 00000nam0a2200000 4500
001 82117
005 20231031095530.0
010 |a 5879940489 
035 |a (RuTPU)RU\TPU\book\88247 
090 |a 82117 
100 |a 20050927d1994 m y0rusy50 ca 
101 0 |a rus 
102 |a RU 
105 |a y z 000ay 
200 1 |a Павел I 
210 |a Москва  |c Армада  |d 1994 
215 |a 733 с. 
225 1 |a Романовы. Династия в романах  |v Т. 12 
464 |t Деды  |o повесть  |f В. В. Крестовский 
464 |t Мальтийские рыцари в России  |o историческая повесть из време Павла I  |f Е. П. Карнович 
464 |t Заговор  |o роман  |f М. А. Алданов 
600 0 |a Павел  |d I  |f 1754-1801  |c российский император  |c из династии Романовых  |2 stltpui  |3 (RuTPU)RU\TPU\pers\358 
610 1 |a русская литература 
610 1 |a Россия 
610 1 |a история 
610 1 |a исторические романы 
610 1 |a 18 век 
610 1 |a повести 
675 |a Р1  |v 3 
801 1 |a RU  |b 63413507  |c 20050927  |g PSBO 
801 2 |a RU  |b 63413507  |c 20111114  |g PSBO 
942 |c BK